Представление документа в формате RUSMARC

ПолеНазваниеЗначение
  Тип записи a
  Библиографический уровень m
001 Контрольный номер RU/SLIB/B/208763087
005 Дата корректировки 20201206204226.4
010 Индекс ISBN __
a ISBN 5-222-03250-7
d Цена 36-08
101 Язык документа __
a Язык текста rus
200 Заглавие и сведения об ответственности 0_
a Заглавие Бани и сауны от строительства до настройки оборудования
f Первые сведения об ответственности В. И. Рыженко
b Общее обозначение материала Текст
210 Выходные данные __
a Место издания Ростов н/Д
c Издательство Феникс
210 Выходные данные __
a Место издания М.
c Издательство Рипол Классик
d Дата издания 2003
215 Физическое описание __
a Объем 192 с.
225 Серия __
a Серия Для дома и заработка
330 Аннотация __
a Аннотация Построить баню или сауну самостоятельно не составит для вас никакого труда, если подойти к делу основательно и прочитать эту книгу. Для всех, кого интересуют подобные вопросы.
606 Тематические рубрики __
a Основная рубрика Строительство
606 Тематические рубрики __
a Основная рубрика Общественные здания и сооружения
610 Ключевые слова __
a Ключевые слова бани; сауны; инструменты; фундаменты; стены; потолки; крыши; полы; окна; двери; печи; турецкие бани; фуро; отопление; печи-каменки; русские бани; веники; обычаи; парные; оздоровление; болезни; сердечно-сосудистая система; нервная система; кожа; эндокринная система; опорно-двигательный аппарат; пищеварительная система; реабилитация; противопоказания
686 Индексы других классификаций __
a Классификационный индекс 38.712
700 Автор _1
a Фамилия Рыженко
b Имя В. И.
4 Код отношения 070
801 Источник записи _0
a Страна RU
b Организация Муниципальное бюджетное учреждение культуры "Централизованная библиотечная система" г. Сургут (Центральная городская библиотека им. А. С. Пушкина)
g Правила каталогизации КиК/Поспелова
801 Источник записи _1
a Страна RU
b Организация Муниципальное бюджетное учреждение культуры "Централизованная библиотечная система" г. Сургут (Центральная городская библиотека им. А. С. Пушкина)
g Правила каталогизации КиК/Поспелова
852 Данные о местонахождении __
j Шифр хранения 38.712
c Каталожный индекс 38.712
i Авторский знак Р 93
p Инвентарный номер 04010632; 04010633
901 Тип документа __
t Тип документа m
903 Характеристики (МАРС) __
a Дата передачи 20031222
990 Данные о заказе (DOS) __
j Количество экземпляров (DOS) 2
t N записи в КСУ для И/У (DOS) 200401